| 000 -LEADER |
| fixed length control field |
01084nam a22002297a 4500 |
| 005 - DATE AND TIME OF LATEST TRANSACTION |
| control field |
20240201082039.0 |
| 008 - FIXED-LENGTH DATA ELEMENTS--GENERAL INFORMATION |
| fixed length control field |
240201b ||||| |||| 00| 0 eng d |
| 020 ## - INTERNATIONAL STANDARD BOOK NUMBER |
| International Standard Book Number |
9781407157467 |
| 040 ## - CATALOGING SOURCE |
| Transcribing agency |
KH8 |
| 082 ## - DEWEY DECIMAL CLASSIFICATION NUMBER |
| Classification number |
FIC STI |
| 100 ## - MAIN ENTRY--PERSONAL NAME |
| Personal name |
Stine, R. L. |
| Relator term |
Author |
| 245 ## - TITLE STATEMENT |
| Title |
Return of the mummy |
| Statement of responsibility, etc. |
R. L. Stine |
| 260 ## - PUBLICATION, DISTRIBUTION, ETC. |
| Place of publication, distribution, etc. |
New York, |
| Name of publisher, distributor, etc. |
Scholastic Inc., |
| Date of publication, distribution, etc. |
2010 |
| 300 ## - PHYSICAL DESCRIPTION |
| Extent |
114 pages : |
| Other physical details |
illustrations ; |
| Dimensions |
20 cm. |
| 440 ## - SERIES STATEMENT/ADDED ENTRY--TITLE |
| Title |
Goosebumps, |
| Volume/sequential designation |
23 |
| 500 ## - GENERAL NOTE |
| General note |
Includes behind the screams: About the author ; Q & A with R.L. Stine ; Top ten tomb jobs ; Mummy matchup ; How much is that Scarab in the window? -- Dress like an Egyptian ; A terrifying peek at Goosebumps Horroland #19: The horror at chiller house and Classic Goosebumps # 19: Revenge of the lawn gnomes |
| 520 ## - SUMMARY, ETC. |
| Summary, etc. |
Returning to Egypt to help his uncle Ben and cousin Sari with an archaeological dig, Gabe learns about a curse that supposedly brings mummies back to life and thinks his uncle has become a victim<br/> |
| 650 ## - SUBJECT ADDED ENTRY--TOPICAL TERM |
| Topical term or geographic name entry element |
Children's fiction |
| 650 ## - SUBJECT ADDED ENTRY--TOPICAL TERM |
| Topical term or geographic name entry element |
Egypt |
| 650 ## - SUBJECT ADDED ENTRY--TOPICAL TERM |
| Topical term or geographic name entry element |
Egypt Fiction |
| 942 ## - ADDED ENTRY ELEMENTS (KOHA) |
| Source of classification or shelving scheme |
|
| Koha item type |
Books - Fiction |